[Event "GER-chT U12"]
[Site "Magdeburg"]
[Date "2016.12.28"]
[Round "4.3"]
[White "Mueller, Magnus"]
[Black "Fuhrmann, Philipp"]
[Result "1/2-1/2"]
[WhiteElo "1513"]
[BlackElo "1466"]
[PlyCount "40"]
[EventDate "2016.12.27"]
[EventType "team-swiss"]
[EventRounds "7"]
[EventCountry "GER"]
[SourceTitle "EXT 2018"]
[Source "ChessBase"]
[SourceDate "2017.10.13"]
[SourceVersion "1"]
[SourceVersionDate "2017.10.13"]
[SourceQuality "1"]
[WhiteTeam "Gera"]
[BlackTeam "Hamburger SK"]
[WhiteTeamCountry "GER"]
[BlackTeamCountry "GER"]

1. e4 e5 2. Nf3 Nc6 3. Bc4 Bc5 4. c3 Nf6 5. d4 exd4 6. e5 d5 7. Bb5 Nd7 8. cxd4 Bb4+ 9. Nc3 Nb6 10. a3 Be7 11. h3 Be6 12. 0-0 h6 13. Be3 Qd7 14. Rc1 a6 15. Bxc6 Qxc6 16. a4 Qd7 17. b3 c6 18. Na2 a5 19. Nh2 0-0 20. f4 f6 1/2-1/2

[Event "GER-ch U25-B"]
[Site "Willingen"]
[Date "2016.05.20"]
[Round "8"]
[White "Fuhrmann, Philipp"]
[Black "Leib, Amina"]
[Result "0-1"]
[WhiteElo "1459"]
[BlackElo "1544"]
[PlyCount "72"]
[EventDate "2016.05.15"]
[EventType "swiss"]
[EventRounds "9"]
[EventCountry "GER"]
[SourceTitle "CBM 172 Extra"]
[Source "ChessBase"]
[SourceDate "2016.06.21"]
[SourceVersion "1"]
[SourceVersionDate "2016.06.21"]
[SourceQuality "1"]

1. e4 e5 2. Nf3 Nf6 3. Nc3 Nc6 4. Bb5 Nd4 5. Bc4 Bc5 6. d3 d6 7. Nxd4 Bxd4 8. Ne2 Bc5 9. Bg5 0-0 10. 0-0 Qe7 11. Qd2 Be6 12. Bb3 h6 13. Be3 Rfd8 14. Kh1 d5 15. exd5 Nxd5 16. Bxc5 Qxc5 17. Ng3 Qc6 18. Rae1 Nf4 19. f3 Bxb3 20. axb3 Re8 21. Ne4 Rad8 22. Qf2 Re6 23. Rc1 Rg6 24. g3 f5 25. gxf4 fxe4 26. fxe4 exf4 27. Qxa7 b6 28. Qa6 Qf6 29. Qc4+ Kh7 30. Qb5 c5 31. c3 f3 32. Rc2 Qg5 33. Rcf2 Rf8 34. d4 Qg2+ 35. Rxg2 fxg2+ 36. Kg1 gxf1Q# 0-1

[Event "GER-ch U25-B"]
[Site "Willingen"]
[Date "2016.05.17"]
[Round "5"]
[White "Fuhrmann, Philipp"]
[Black "Seliokaite, Ana"]
[Result "1-0"]
[WhiteElo "1459"]
[BlackElo "1138"]
[PlyCount "75"]
[EventDate "2016.05.15"]
[EventType "swiss"]
[EventRounds "9"]
[EventCountry "GER"]
[SourceTitle "CBM 172 Extra"]
[Source "ChessBase"]
[SourceDate "2016.06.21"]
[SourceVersion "1"]
[SourceVersionDate "2016.06.21"]
[SourceQuality "1"]

1. e4 c5 2. Nf3 Nc6 3. d4 cxd4 4. Nxd4 g6 5. Nc3 Bg7 6. Be3 Nf6 7. Qd2 0-0 8. Bd3 d5 9. exd5 Nxd5 10. Nxc6 bxc6 11. Bh6 Bb7 12. 0-0 Nxc3 13. bxc3 c5 14. Rad1 Qd5 15. f3 Qxa2 16. Bxg7 Kxg7 17. Qe3 Qe6 18. Qxc5 Qd6 19. Qb5 Rab8 20. Qa5 Qb6+ 21. Qxb6 axb6 22. Rb1 Bd5 23. c4 Be6 24. Rb4 f5 25. Rfb1 Kf6 26. Rxb6 Rxb6 27. Rxb6 Rc8 28. Kf2 Kf7 29. Rb4 g5 30. Ke3 Kf6 31. Kd4 Rd8+ 32. Kc3 Rc8 33. Rb5 Rc6 34. Kb4 Bd7 35. Rc5 e6 36. Rxc6 Bxc6 37. Kc5 Ba4 38. Kd6 1-0

[Event "GER-chT U10"]
[Site "Magdeburg"]
[Date "2014.12.27"]
[Round "1.3"]
[White "Fuhrmann, Philipp"]
[Black "Grabbel, Torben Frederik"]
[Result "1-0"]
[WhiteElo "756"]
[BlackElo "600"]
[PlyCount "69"]
[EventDate "2014.12.27"]
[EventType "team-swiss"]
[EventRounds "7"]
[EventCountry "GER"]
[SourceTitle "EXT 2016"]
[Source "ChessBase"]
[SourceDate "2015.10.08"]
[SourceVersion "1"]
[SourceVersionDate "2015.10.08"]
[SourceQuality "1"]
[WhiteTeam "Hamburger SK"]
[BlackTeam "Hamburger SK II"]
[WhiteTeamCountry "GER"]
[BlackTeamCountry "GER"]

1. e4 e5 2. Nf3 Nc6 3. Bb5 d6 4. d3 Nf6 5. Bg5 Be7 6. Nc3 Bd7 7. 0-0 0-0 8. Qd2 Nd4 9. Nxd4 exd4 10. Bxd7 Qxd7 11. Ne2 c5 12. b4 c4 13. Bxf6 Bxf6 14. dxc4 d3 15. Nc3 dxc2 16. Qxc2 Rac8 17. Qd3 b5 18. Rae1 bxc4 19. Qd2 Rfe8 20. a4 Qb7 21. b5 a5 22. Nd5 Be5 23. Re3 g6 24. Qxa5 Bg7 25. Qb6 Qd7 26. Qa5 Bd4 27. Re2 Qg4 28. Re3 Bxe3 29. Nf6+ Kg7 30. Nxg4 Bg5 31. b6 c3 32. Qxg5 Rxe4 33. Qf6+ Kg8 34. Nh6+ Kf8 35. Qxf7# 1-0